000 01154nam a22003497a 4500
003 CHAP
005 20220329143414.0
008 090424s2003 ag r 00010 spa d
010 _a96116
011 _a97088
020 _a9879191889
035 _a107749
040 _cCHAP
082 0 4 _a375.001
_bR66
100 1 _bRomán Pérez, Martiniano
_9124353
245 1 0 _aAprendizaje y curriculum :
_bdiseños curriculares aplicados
_c/por Martiniano Román Pérez y Eloisa Díez López
250 _a6 ed.
260 _aBuenos Aires :
_bNovedades Educativas,
_c2003
300 _a256 p. :
_bcuadros
590 _aBATCH-UPD
_b10
_c20130110
_lUCH01
_h1956
590 _aBATCH-UPD
_b10
_c20130410
_lUCH01
_h0015
590 _aBATCH-UPD
_b10
_c20130410
_lUCH01
_h1557
590 _aBATCH-UPD
_b10
_c20130914
_lUCH01
_h1000
590 _aCONVERSION
_b10
_c20130109
_lUCH01
_h1353
650 1 4 _aAprendizaje.
_96370
650 1 4 _aCognición.
_924357
650 1 4 _aReforma educativa.
_995602
700 1 _aDíez López, Eloisa.
_933707
901 _aBK
942 _cLIBRO
949 _a375.001 R66
_bBC
_cLIBRO
_d33724002092124
_eLIBRO
_gI.c/e
_h110362
_i107749
_sb
_t$300.00
999 _c96116
_d96116